000 00561nam a22001937a 4500
999 _c8456
_d8456
003 AR-CdUCM
008 190325b ||||| |||| 00| 0 spa d
040 _aMUNICIPALIDAD PROVINCIAL DEL CUSCO
_cBIBLIOTECA MUNICIPAL DEL CUSCO
082 _a869.56 /
_bC78
100 _aCorcuera, Arturo
_94604
245 _aCantoral /
260 _b"Cuadernos Trimestrales de Poesía",
_c1953.
300 _a39 páginas ;
_c21 cm.
500 _aDonación familia Nieto.
650 _aPoesías peruanas
_91481
650 _aSiglo XX
_98
942 _2ddc
_cLIBROS
945 _azta